Počítačová kriminalita bakalárska práca

Na minha lista:
Detalhes bibliográficos
Autor principal: Golierová, Jaroslava
Autor Corporativo: Fakulta hospodárskej informatiky EU. Katedra aplikovanej informatiky
Outros Autores: Kastl, Daniel
Formato: Livro
Idioma:eslovaco
Publicado em: Bratislava 2009
Tags: Adicionar Tag
Sem tags, seja o primeiro a adicionar uma tag!

MARC

LEADER 00000nam$a2200000$$$4500
001 0096134
005 20240319122946.9
041 0 |a slo 
044 |a SK 
245 1 0 |a Počítačová kriminalita  |b bakalárska práca  |c Jaroslava Golierová ; škol. Daniel Kastl 
264 1 |a Bratislava  |c 2009 
300 |a 35 s. 
100 1 |a Golierová, Jaroslava 
700 1 |a Kastl, Daniel 
710 2 |a Fakulta hospodárskej informatiky EU. Katedra aplikovanej informatiky